| 000 | 01436nam a22003494a 4500 | ||
|---|---|---|---|
| 001 | ebr10076824 | ||
| 003 | CaPaEBR | ||
| 006 | m u | ||
| 007 | cr cn||||||||| | ||
| 008 | 030303s2003 enk sb 001 0 eng | ||
| 010 | _z 2003042984 | ||
| 020 | _z0333770439 | ||
| 040 |
_aCaPaEBR _cCaPaEBR |
||
| 035 | _a(OCoLC)70748071 | ||
| 050 | 1 | 4 |
_aHN44.S65 _bW37 2003eb |
| 082 | 0 | 4 |
_a303.48/4/0944 _221 |
| 100 | 1 |
_aWaters, Sarah, _d1966- |
|
| 245 | 1 | 0 |
_aSocial movements in France _h[electronic resource] : _btowards a new citizenship / _cSarah Waters. |
| 260 |
_aHoundmills, Basingstoke, Hampshire ; _aNew York : _bPalgrave Macmillan, _c2003. |
||
| 300 | _ax, 180 p. | ||
| 490 | 1 | _aFrench politics, society, and culture series | |
| 504 | _aIncludes bibliographical references (p. 174-175) and index. | ||
| 533 |
_aElectronic reproduction. _bPalo Alto, Calif. : _cebrary, _d2013. _nAvailable via World Wide Web. _nAccess may be limited to ebrary affiliated libraries. |
||
| 650 | 0 |
_aSocial movements _zFrance. |
|
| 650 | 0 |
_aProtest movements _zFrance. |
|
| 651 | 0 |
_aFrance _xPolitics and government _y1995-2007. |
|
| 651 | 0 |
_aFrance _xSocial conditions _y1995- |
|
| 655 | 7 |
_aElectronic books. _2local |
|
| 710 | 2 | _aebrary, Inc. | |
| 830 | 0 | _aFrench politics, society, and culture series. | |
| 856 | 4 | 0 |
_uhttp://site.ebrary.com/lib/rucke/Doc?id=10076824 _zAn electronic book accessible through the World Wide Web; click to view |
| 999 |
_c73061 _d73061 |
||